000 00655nam a2200277Ia 4500
005 20260324115654.0
008 008 260324s9999 xx 000 0 eng d
020 _a9781315177281
037 _aEBOOK
040 _aCRL
040 _beng
040 _cCRL
041 _2eng
041 _aeng
084 _qCRL
100 _aYanrong Li; Jingui Zhao; Bin Li
_91155570
245 0 _aLoess and Loess Geohazards in China
260 _bTaylor and Francis
260 _c2017
365 _a
365 _b275
856 _uhttp://www.taylorfrancis.com/books/9781315177281
942 _cEBOOK
999 _c1746609
_d1746609